Crónica del viaje de sus Majestades y Altezas reales a Andalucía y Murcia en setiembre y octubre de 1862 / (Record no. 49421)

MARC details
000 -LEADER
campo de control de longitud fija 00593nam a2200169 i 4500
001 - NÚMERO DE CONTROL
campo de control 49421
003 - IDENTIFICADOR DE NÚMERO DE CONTROL
campo de control ES-MaACL
005 - FECHA Y HORA DE LA ÚLTIMA TRANSACCIÓN
campo de control 20240512063033.0
007 - CAMPO FIJO DE DESCRIPCIÓN FÍSICA--INFORMACIÓN GENERAL
campo de control de longitud fija t|
008 - DATOS DE LONGITUD FIJA--INFORMACIÓN GENERAL
campo de control de longitud fija 030715s1863 sp ||||1| spa d
100 1# - ENTRADA PRINCIPAL--NOMBRE DE PERSONA
Nombre de persona Cos-Gayón, Fernando,
Fechas asociadas al nombre 1825-1898
9 (RLIN) 40977
245 10 - MENCIÓN DEL TÍTULO
Título Crónica del viaje de sus Majestades y Altezas reales a Andalucía y Murcia en setiembre y octubre de 1862 /
Mención de responsabilidad, etc. por Fernando Cos-Gayón.
260 ## - PUBLICACIÓN, DISTRIBUCIÓN, ETC.
Lugar de publicación, distribución, etc. Madrid :
Nombre del editor, distribuidor, etc. [s.n.],
Fecha de publicación, distribución, etc. 1863 (
Fabricante Imp. Nacional)
300 ## - DESCRIPCIÓN FÍSICA
Extensión 380 p., 16 lám. ;
Dimensiones 27 cm.
852 ## - LOCALIZACIÓN
Ubicación ES-MaACL
Número de control de estantería G-6371
Encuadernación Olim: C-1720
Holdings
Estatus retirado Estado de pérdida Estado de daño No para préstamo Colección Biblioteca de origen Biblioteca actual Ubicación en estantería Fecha de adquisición Fuente de adquisición Total de préstamos Signatura topográfica completa Código de barras Visto por última vez Precio de reemplazo Tipo de ítem Koha
        Libros del s. XIX Biblioteca del Ateneo de Madrid Biblioteca del Ateneo de Madrid Depósito 2 17/01/2008     G-6371 1052000 23/02/2023 23/02/2023 Libro impreso antiguo